Educación católica frente a los nuevos tiempos: un proyecto educativo para desbloquear la sociedad y restaurar al hombre en Cristo
Saved in:
| Main Author: | |
|---|---|
| Format: | Book |
| Language: | Spanish |
| Published: |
Santiago
Del Colegio
1980
|
| Subjects: | |
| Tags: |
Add Tag
No Tags, Be the first to tag this record!
|
MARC
| LEADER | 00000nam a2200000 a 4500 | ||
|---|---|---|---|
| 001 | UCL8516 | ||
| 003 | CL-VaPUC | ||
| 008 | 040625e19800000CL |||||||||||||||||spa|d | ||
| 082 | 0 | 4 | |a 268.43 |b GAM |2 21 |
| 100 | |a Gambino Castellano, Víctor |9 611758 | ||
| 245 | 1 | 0 | |a Educación católica frente a los nuevos tiempos: un proyecto educativo para desbloquear la sociedad y restaurar al hombre en Cristo |
| 300 | |a 173 p | ||
| 942 | |c BK | ||
| 945 | |d 20040625 00:00:00 |a cmena | ||
| 260 | |a Santiago |b Del Colegio |c 1980 | ||
| 650 | 0 | |a Educación religiosa |9 308312 | |
| 650 | 0 | |a Catolicismo |9 258690 | |
| 650 | 0 | |a Cambio social |9 256857 | |
| 650 | 0 | |a Métodos de enseñanza |9 270413 | |
| 583 | |a last modification |c 20040625 00:00:00 |k Rodrigo Vera | ||
| 999 | |c 309757 |d 309755 | ||
| 952 | |0 0 |1 0 |4 0 |6 268_430000000000000_GAM_1980 |7 0 |8 P |9 377496 |a BIBEDU |b BIBEDU |d 2019-11-21 |i 4032004 |o 268.43 GAM 1980 |p 4032004 |r 2019-11-21 |w 2019-11-21 |y BK |k BME | ||